000 00570nam a2200217Ii 4500
003 JO-AjNU
008 230606s9999||||xx |||||||||||||| ||und||
020 _a0-201-39855-9
040 _aJO-AjNU
_beng
_erda
_cJO-AjNU
041 _aeng
050 1 4 _aT385.W3778.2000
100 3 _aWatt,Alan,
_eauthor
_91093
245 0 0 _a3D Computer Graphics
250 _a3 ed
264 3 1 _aLondon:Pearson,2000
300 _a570p
336 _atext
_btxt
_2rdacontent
337 _aunmediated
_bn
_2rdamedia
338 _avolume
_bnc
_2rdacarrier
650 4 _aComputer Graphics
_91094
999 _aE573
_c573
_d573